000 00419cam a2200181ua 4500
001 8169
008 191128n1996 II |||gr||||Z||||||eng
040 _aMAIN
041 _aEnglish
041 _aeng
082 _a320.011 SAP
100 _aSAPRU, R. K.
245 _aTHEORIES OF ADMINISTRATION
260 _aNEW DELHI
_bS.CHAND & COMPANY
_c1996
300 _a179:
_c20CM.
653 _aPolitical Theories
942 _cBK
999 _c8150
_d8150